| 000 | 00722nam a2200217 a 4500 | ||
|---|---|---|---|
| 999 |
_c10122 _d10122 |
||
| 001 | 10122 | ||
| 003 | BD-JhCC | ||
| 005 | 20180419123412.0 | ||
| 008 | 171207s1890 bg a|||| ||a| 000 0 ben d | ||
| 035 | _a(BD-JhCC)10122 | ||
| 040 |
_aBD-JhCC _dBD-JhCC |
||
| 041 | _aben | ||
| 082 |
_a891.4409 _bTHA 1890 |
||
| 100 | _aঠাকুর, রবীন্দ্রনাথ | ||
| 245 |
_aরবীন্দ্র-রচনাবলী প্রথম খন্ড/ _cরবীন্দ্রনাথ ঠাকুর |
||
| 260 |
_aকলিকাতা : _bবিশ্বভারতী, _c১৮৯০. |
||
| 300 |
_a645 p. : _c22 cm. |
||
| 650 | _aCollection of works | ||
| 942 |
_2ddc _cBK |
||